Thai rubber hybrids (Record no. 70427)

MARC details
000 -LEADER
fixed length control field 00293nam a2200121Ia 4500
245 #0 - TITLE STATEMENT
Title Thai rubber hybrids
260 ## - PUBLICATION, DISTRIBUTION, ETC. (IMPRINT)
Name of publisher Rubber International Magazine
Year of publication 2008
300 ## - PHYSICAL DESCRIPTION
Number of Pages 18-19
650 ## - SUBJECT ADDED ENTRY--TOPICAL TERM
Topical Term Rubber hybrids
650 ## - SUBJECT ADDED ENTRY--TOPICAL TERM
Topical Term Thaialnd
942 ## - ADDED ENTRY ELEMENTS (KOHA)
Koha item type Journals
Holdings
Withdrawn status Lost status Damaged status Not for loan Home library Current library Shelving location Date acquired Serial Enumeration / chronology Koha item type
      Journals RRII Library RRII Library Botany 19/06/2008 Volume 10, Issue 5 Journals